| 000 | 01186nam2a22002411 4500 | ||
|---|---|---|---|
| 001 | rc\3707214 | ||
| 005 | 20250610063100.0 | ||
| 035 | _a(NLR Aleph) 007766293 | ||
| 090 |
_a7420333 _c7420333 |
||
| 100 | _a20130115d1972 |||y0rusy50 ca | ||
| 101 | 0 | _arus | |
| 102 | _aRU | ||
| 105 | _ay z ||||| | ||
| 200 | 0 | _aЧ. 1. [Разд. А-Б] | |
| 210 |
_d1972 _aБ. м. |
||
| 215 | _a72 с. | ||
| 225 | 1 |
_a... _vВып. 38 |
|
| 461 | 0 |
_1001rc\3707213 _12001#$aСборник руководящих и методических материалов по организации научно-технической информации и пропаганды на железнодорожном транспорте$eЧ. 1-$vЧ. 1. [Разд. А-Б] _97420326 _cМосква _d1972 _nБ. и. _oЧ. 1- _tСборник руководящих и методических материалов по организации научно-технической информации и пропаганды на железнодорожном транспорте _vЧ. 1. [Разд. А-Б] |
|
| 801 | 0 |
_aRU _bNLR _gpsbo |
|
| 801 | 1 |
_aRU _bELAR _2rusmarc |
|
| 852 |
_aNLR _jП10/3428 |
||
| 942 | _cBOOK | ||
| 980 | _aNB | ||